Le Père Joseph, polémiste, ses premiers écrits, 1623-1626 (Record no. 48442)

MARC details
000 -LEADER
campo de control de longitud fija 00586nam a2200169 i 4500
001 - NÚMERO DE CONTROL
campo de control 48442
003 - IDENTIFICADOR DE NÚMERO DE CONTROL
campo de control ES-MaACL
005 - FECHA Y HORA DE LA ÚLTIMA TRANSACCIÓN
campo de control 20230906161743.0
007 - CAMPO FIJO DE DESCRIPCIÓN FÍSICA--INFORMACIÓN GENERAL
campo de control de longitud fija t|
008 - DATOS DE LONGITUD FIJA--INFORMACIÓN GENERAL
campo de control de longitud fija 030820s1895 fr c |||| |bfre d
100 1# - ENTRADA PRINCIPAL--NOMBRE DE PERSONA
Nombre de persona Dedouvres, Louis.
9 (RLIN) 43191
245 13 - MENCIÓN DEL TÍTULO
Título Le Père Joseph, polémiste, ses premiers écrits, 1623-1626
Resto del título : Thèse présentée áa la Faculté des Lettres de Paris /
Mención de responsabilidad, etc. par l'abbé L. Dedouvres...
260 ## - PUBLICACIÓN, DISTRIBUCIÓN, ETC.
Lugar de publicación, distribución, etc. Paris :
Nombre del editor, distribuidor, etc. A. Picard et Fils,
Fecha de publicación, distribución, etc. 1895.
300 ## - DESCRIPCIÓN FÍSICA
Extensión 637 p. :
Otras características físicas retr. ;
Dimensiones 24 cm.
600 04 - PUNTO DE ACCESO ADICIONAL DE MATERIA--NOMBRE DE PERSONA
Nombre de persona Joseph de Paris
Títulos y otros términos asociados al nombre (O.F.M. Cap.)
9 (RLIN) 164973
852 ## - LOCALIZACIÓN
Ubicación ES-MaACL
Número de control de estantería B-510
Holdings
Estatus retirado Estado de pérdida Estado de daño No para préstamo Colección Biblioteca de origen Biblioteca actual Ubicación en estantería Fecha de adquisición Fuente de adquisición Total de préstamos Signatura topográfica completa Código de barras Visto por última vez Precio de reemplazo Tipo de ítem Koha
        Libros del s. XIX Biblioteca del Ateneo de Madrid Biblioteca del Ateneo de Madrid Sala Pardo Bazán 17/01/2008     B-510 1050980 23/02/2023 23/02/2023 Libro impreso antiguo